000 01435nam a2200313 i 4500
003 EG-GICUC
005 20260420143808.0
008 260420s1956 ua d|||fr|||| 000 0 ara d
040 _a EG-GICUC
_bara
_c EG-GICUC
_d EG-GICUC
_erda
041 0 _aara
082 0 4 _221
_a345.455
_bم ح . م
092 0 4 _221
099 _aLwa1 07 345.455 م ح . م 1956
100 0 _aمحمد على رسلان عمران.
_eمؤلف.
245 1 2 _aالموجز في شرح قوانين موظفى الحكومة :
_bيتضمن شرح جميع القوانين والقرارات واللوائح الإدارية والكتب الدورية والمنشورات المالية الخاصة بالموظفين منذ سنة 1882 حتى الآن /
_cتأليف محمد على رسلان عمران.
250 _aالطبعة الأولى.
264 1 _aالقاهرة :
_bدار الفكر العربي،
_c1956.
300 _a449 صفحة :
_bجداول ؛
_c24 سم.
336 _2rda content
_atext
337 _2rda media
_aComputer
338 _2rda carrier
_aOnline Resource
504 _aيشتمل على إرجاعات ببليوجرافية.
546 _aالنص باللغة العربية
650 1 _aالنظام القانوني للعاملين بالقطاع العام.
_2qrmak
651 1 _2qrmak
856 4 0 _uhttps://fll.law.cu.edu.eg/fulltext/bks/B07-01459.pdf
905 _a62
942 _2ddc
_n0
_cBK
_e21
999 _c72231
_d72231